| 000 | 00573 a2200181 4500 | ||
|---|---|---|---|
| 999 |
_c7499 _d7499 |
||
| 010 | _aENG-88023 | ||
| 020 |
_c125.00 _a8183600433 |
||
| 035 | _aEN-71556 | ||
| 037 | _bDBAD / PUB | ||
| 082 | 1 | 4 | _a635 |
| 245 | 1 |
_aQuestion bank of horticulture: _ccompiled by Satyanarayan Gupta _bexclusively for JRF, SRF, ARS etc. exams / |
|
| 250 | _a2nd rev ed | ||
| 260 |
_aNew Delhi _bJain Brothers _c2006 |
||
| 270 |
_a16/873, East Park Road, _bNew Delhi _e110 005 |
||
| 300 |
_a254p. _c22cm (pbk) |
||
| 700 | _aGupta, Satyanarayan | ||
| 942 |
_adpl _cEN _2ddc _h635 _mQUE |
||